000 00285nam a22001337a 4500
008 170627b xxu||||| |||| 00| 0 eng d
020 _a9780070647268
041 _aeng
080 _24TH
_a05
100 _a21
101 _aGJL
245 _aDOS MUNDOS
_cTERRELL,T.D
942 _2udc
_cBK
999 _c19227
_d19227